[Event "Yogyakarta Istimewa op"]
[Site "Yogyakarta"]
[Date "2016.08.20"]
[Round "4"]
[White "Sihite, Chelsie Monica"]
[Black "Muhammad, Supriyadi"]
[Result "1/2-1/2"]
[WhiteElo "2192"]
[BlackElo "2072"]
[PlyCount "112"]
[EventDate "2016.08.18"]
[EventType "swiss"]
[EventRounds "9"]
[EventCountry "INA"]
[SourceTitle "EXT 2018"]
[Source "ChessBase"]
[SourceDate "2017.10.13"]
[SourceVersion "1"]
[SourceVersionDate "2017.10.13"]
[SourceQuality "1"]

1. e4 e5 2. Nf3 Nc6 3. Bb5 Nf6 4. d3 Bc5 5. 0-0 d6 6. d4 exd4 7. Nxd4 Bxd4 8. Bxc6+ bxc6 9. Qxd4 0-0 10. Nc3 h6 11. b3 Ng4 12. h3 Qf6 13. Qd2 Ne5 14. f4 Ng6 15. Bb2 Ba6 16. Rf2 Rfe8 17. Re1 Qh4 18. Nd1 c5 19. Qc3 f6 20. Bc1 Bb7 21. Qc4+ Kh7 22. f5 Ne5 23. Qe2 d5 24. Bf4 dxe4 25. Bxe5 Rxe5 26. Ne3 Rd8 27. Kh2 Ba6 28. c4 h5 29. g3 Qg5 30. Rf4 Kg8 31. h4 Qh6 32. Qb2 Bc8 33. Re2 Qh7 34. Qa3 Bxf5 35. Qxa7 g6 36. Nd5 Qf7 37. Qxc5 Rd7 38. Qf2 Kg7 39. Ne3 Qe6 40. Qe1 Qb6 41. b4 Rd3 42. a4 Qd4 43. a5 Be6 44. a6 f5 45. b5 Bxc4 46. Nxc4 Qxc4 47. Qa1 Qd4 48. Qa5 Rd1 49. Qxc7+ Kh6 50. Rff2 Qa1 51. Kh3 Rxb5 52. Qf4+ Kh7 53. Rc2 Rh1+ 54. Rh2 Rxh2+ 55. Kxh2 Rb2 56. Qc7+ Kh6 1/2-1/2